| 000 | 00741nam a2200241Ia 4500 | ||
|---|---|---|---|
| 003 | OSt | ||
| 005 | 20220925204910.0 | ||
| 006 | a|||||r|||| 00| 0 | ||
| 007 | ta | ||
| 008 | 220923b |||||||| |||| 00| 0 eng d | ||
| 037 | _cGeneral Book | ||
| 040 |
_aRTL _cRTL _beng |
||
| 041 |
_2eng _aeng |
||
| 082 | _aP15,Cx1,1, K6 | ||
| 100 |
_aMisra Vidya Niwas _971277 |
||
| 245 | 0 |
_aDescriptive technique of Panini _b An introduction |
|
| 260 |
_aHague _bMouton _c1966 |
||
| 300 |
_a175p. Bib p. 173-75 _ccm. |
||
| 490 | _aJanua Linguarum Studia Memoriae Nicolai Van Wijk Dedicata Series Practica 18 | ||
| 650 | _aLinguistics | ||
| 942 |
_hP15,Cx1,1, K6 _cGB _2CC |
||
| 999 |
_c550716 _d550716 |
||